| 000 | 00550cam a2200193 4500 | ||
|---|---|---|---|
| 001 | D3915 | ||
| 008 | 090401t1984 xxu||||| |||| 00| 0 eng d | ||
| 035 | _a(Sirsi) u75533 | ||
| 041 | _aeng | ||
| 050 | _a346.4104343 | ||
| 100 | _aFreedman, Philip | ||
| 245 | _aChecklist for commercial lettings: reminders for surveyors and solicitors on the negotiation and drafting of business leases | ||
| 250 | _a2nd | ||
| 260 |
_aLondon _bHenry Stewart Publications _c1984 |
||
| 300 | _a16p. 26 x 11cm | ||
| 350 | _a5 | ||
| 942 | _n0 | ||
| 948 | _c04/03/1997 | ||
| 999 |
_c96033 _d96033 |
||